000 00462nam a2200181Ia 4500
008 170705s9999 xx 000 0 und d
020 _a9780439693196
245 _aI am planet earth /
245 _cby Jean Marzollo ; illustrated by Judithn Moffatt.
260 _aNew York :
260 _bScholastic,
260 _c2001
300 _aunpaged :
300 _bcolor illustration ;
300 _c23cm.
440 _aHello reader! Science.
500 _aBR
999 _c336993
_d336993